[Event "BEL-ch U18"]
[Site "Blankenberge"]
[Date "2014.04.19"]
[Round "9"]
[White "Terryn, Ezra"]
[Black "Vandersmissen, Hans"]
[Result "0-1"]
[WhiteElo "1732"]
[BlackElo "1756"]
[PlyCount "76"]
[EventDate "2014.04.??"]
[EventType "swiss"]
[EventRounds "9"]
[EventCountry "BEL"]
[SourceTitle "EXT 2015"]
[Source "ChessBase"]
[SourceDate "2014.11.20"]
[SourceVersion "1"]
[SourceVersionDate "2014.11.20"]
[SourceQuality "1"]

1. e4 c6 2. d4 d5 3. exd5 cxd5 4. c4 Nc6 5. Nf3 Nf6 6. Nc3 e6 7. Bf4 a6 8. Be2 Be7 9. 0-0 0-0 10. Rc1 Qa5 11. Qb3 Rd8 12. c5 Qb4 13. Qxb4 Nxb4 14. a3 Nc6 15. Na4 Nd7 16. Rfd1 Re8 17. b4 f6 18. Bg3 Na7 19. Ra1 Bd8 20. Bd6 Kf7 21. Kf1 Be7 22. Bg3 Bd8 23. Nc3 Nb8 24. a4 b6 25. b5 bxc5 26. dxc5 Ba5 27. Rdc1 Bxc3 28. Rxc3 e5 29. Rb1 d4 30. Bc4+ Ke7 31. Rcc1 Bf5 32. Rb2 Nd7 33. b6 Nxc5 34. Bd5 Nxa4 35. Ra2 Nxb6 36. Bxa8 Rxa8 37. Rxa6 Bd3+ 38. Ke1 Bxa6 0-1

[Event "BEL-ch U16"]
[Site "Houffalize"]
[Date "2011.04.21"]
[Round "7"]
[White "Dorr, Yannick"]
[Black "Vandersmissen, Hans"]
[Result "1-0"]
[WhiteElo "1834"]
[BlackElo "1785"]
[PlyCount "43"]
[EventDate "2011.04.17"]
[EventType "swiss"]
[EventRounds "9"]
[EventCountry "BEL"]
[SourceTitle "EXT 2012"]
[Source "ChessBase"]
[SourceDate "2011.11.24"]
[SourceVersion "1"]
[SourceVersionDate "2011.11.24"]
[SourceQuality "1"]

1. e4 e6 2. d4 d5 3. e5 c5 4. c3 Nc6 5. Nf3 Bd7 6. Bd3 Qb6 7. dxc5 Bxc5 8. 0-0 Nge7 9. b4 Nxb4 10. cxb4 Bd4 11. Be3 Bxe3 12. fxe3 Qxe3+ 13. Kh1 Nc6 14. Re1 Qf4 15. a3 Rc8 16. Nbd2 Ne7 17. Rc1 0-0 18. h3 a6 19. Qe2 Nf5 20. Bxf5 Qxf5 21. Qe3 h6 22. Qb6 1-0

[Event "Brasschaat op 09th"]
[Site "Brasschaat"]
[Date "2009.08.23"]
[Round "9"]
[White "Engelaer, Maurice"]
[Black "Vandersmissen, Hans"]
[Result "1-0"]
[WhiteElo "1996"]
[BlackElo "1815"]
[PlyCount "63"]
[EventDate "2009.08.15"]
[EventType "swiss"]
[EventRounds "9"]
[EventCountry "BEL"]
[SourceTitle "CBM 131 Extra"]
[Source "ChessBase"]
[SourceDate "2009.09.03"]
[SourceVersion "2"]
[SourceVersionDate "2009.09.16"]
[SourceQuality "1"]

1. e4 g6 2. d4 Bg7 3. Nf3 b6 4. Bd3 Bb7 5. 0-0 e6 6. Re1 a6 7. c3 Ne7 8. Be3 d6 9. Nbd2 Nd7 10. Rc1 0-0 11. Qc2 h6 12. h3 Re8 13. Nf1 c5 14. Qd2 Kh7 15. Ng3 Rh8 16. Nh2 Rc8 17. f4 cxd4 18. cxd4 e5 19. dxe5 dxe5 20. f5 g5 21. Ng4 Nc6 22. Bc4 Qe7 23. Nh5 f6 24. Be6 Rhd8 25. Bxd7 Rxd7 26. Nhxf6+ Bxf6 27. Nxf6+ Kg7 28. Qxd7 Kxf6 29. Qxe7+ Nxe7 30. Bxb6 Rxc1 31. Rxc1 Bxe4 32. Bd8 1-0

[Event "BEL-ch U14"]
[Site "Houffalize"]
[Date "2009.04.16"]
[Round "6"]
[White "Pauwels, Bryan"]
[Black "Vandersmissen, Hans"]
[Result "1-0"]
[WhiteElo "1749"]
[BlackElo "1815"]
[PlyCount "113"]
[EventDate "2009.04.13"]
[EventType "swiss"]
[EventRounds "9"]
[EventCountry "BEL"]
[SourceTitle "EXT 2012"]
[Source "ChessBase"]
[SourceDate "2011.11.24"]
[SourceVersion "1"]
[SourceVersionDate "2011.11.24"]
[SourceQuality "1"]

1. d4 d6 2. c4 Nf6 3. Nc3 Nbd7 4. e4 e5 5. d5 Nc5 6. Qc2 a5 7. Be3 Ncd7 8. Nge2 Ng4 9. Qd3 Nxe3 10. Qxe3 Nc5 11. g3 Be7 12. Bg2 Bg5 13. f4 exf4 14. gxf4 Bh4+ 15. Ng3 0-0 16. 0-0 Re8 17. Qf3 Bxg3 18. Qxg3 Qf6 19. Qf2 Nd3 20. Qd2 Qd4+ 21. Kh1 Qxc4 22. b3 Qa6 23. Rf3 Nc5 24. Rg3 f5 25. Re1 g6 26. Rge3 Nd7 27. Qd4 Qb6 28. Qxb6 Nxb6 29. Nb5 Re7 30. exf5 Rxe3 31. Rxe3 Bxf5 32. Nxc7 Rc8 33. Re8+ Kf7 34. Rxc8 Nxc8 35. Kg1 Bb1 36. Bh3 Bf5 37. Bxf5 gxf5 38. Kf2 Nb6 39. Ke3 Ke7 40. Kd4 Nd7 41. Ne6 h6 42. a3 b6 43. b4 Nb8 44. b5 Nd7 45. a4 Nc5 46. Nxc5 bxc5+ 47. Kc4 Kd7 48. b6 Kc8 49. Kb5 Kb7 50. Kxa5 h5 51. h4 Kb8 52. Kb5 Kb7 53. a5 Kc8 54. a6 Kb8 55. Kc6 c4 56. a7+ Ka8 57. b7+ 1-0

[Event "BEL-ch U14"]
[Site "Houffalize"]
[Date "2009.04.15"]
[Round "4"]
[White "Barbier, Astrid"]
[Black "Vandersmissen, Hans"]
[Result "0-1"]
[WhiteElo "1250"]
[BlackElo "1815"]
[PlyCount "98"]
[EventDate "2009.04.13"]
[EventType "swiss"]
[EventRounds "9"]
[EventCountry "BEL"]
[SourceTitle "EXT 2012"]
[Source "ChessBase"]
[SourceDate "2011.11.24"]
[SourceVersion "1"]
[SourceVersionDate "2011.11.24"]
[SourceQuality "1"]

1. e4 d5 2. Nc3 d4 3. Nce2 e5 4. Nf3 Nc6 5. h3 a6 6. Ng3 Be6 7. Bd3 h6 8. Qe2 Nb4 9. a3 Nxd3+ 10. Qxd3 Bd6 11. b3 Ne7 12. Bb2 Qd7 13. a4 Nc6 14. c3 dxc3 15. dxc3 Bxb3 16. 0-0 f6 17. Rfc1 Na5 18. Ba3 Bxa3 19. Qxd7+ Kxd7 20. Rxa3 Rad8 21. Nd2 Be6 22. Ndf1 Kc8 23. Ne3 Nc4 24. Nxc4 Bxc4 25. Nf5 Rh7 26. Raa1 g6 27. Nh4 Rg7 28. a5 Be6 29. Nf3 g5 30. Rab1 Bc4 31. Rb2 Rgd7 32. Kh2 Rd1 33. Rcc2 Bd3 34. Rd2 Bxe4 35. Rxd8+ Rxd8 36. Nd2 Bc6 37. Nb3 Rd3 38. c4 Rc3 39. Nd2 e4 40. Ra2 e3 41. fxe3 Rxe3 42. Nf1 Re1 43. Ng3 Rc1 44. Rf2 Rxc4 45. Rxf6 Rc2 46. Nh5 Rxg2+ 47. Kh1 Rf2+ 48. Kg1 Rxf6 49. Nxf6 Bd7 0-1

[Event "Twente Young Master op-D"]
[Site "Twente"]
[Date "2007.08.10"]
[Round "10"]
[White "Vandersmissen, Hans"]
[Black "Bokern, Peter"]
[Result "0-1"]
[WhiteElo "1234"]
[BlackElo "1017"]
[PlyCount "64"]
[EventDate "2007.08.06"]
[EventType "swiss"]
[EventRounds "13"]
[EventCountry "NED"]
[SourceTitle "EXT 2008"]
[Source "ChessBase"]
[SourceDate "2007.11.25"]
[SourceVersion "1"]
[SourceVersionDate "2007.11.25"]
[SourceQuality "1"]

1. d4 d5 2. Bf4 e6 3. e3 c5 4. c3 Nf6 5. Nf3 Nc6 6. Bb5 Bd6 7. Bg3 0-0 8. 0-0 Qe7 9. Nbd2 a6 10. Bxc6 bxc6 11. Re1 cxd4 12. cxd4 c5 13. e4 Nxe4 14. Nxe4 dxe4 15. Rxe4 Bb7 16. dxc5 Bxg3 17. Qd3 Bxe4 18. Qxe4 Bc7 19. Rd1 Qxc5 20. g3 Rad8 21. Rxd8 Rxd8 22. h4 Qc1+ 23. Kg2 Qxb2 24. Qc6 Bb6 25. Nd2 Qd4 26. Ne4 Qd5 27. Qxb6 Qxe4+ 28. Kh2 Qd4 29. Qc7 Qxf2+ 30. Kh3 Qf5+ 31. Kg2 Rd2+ 32. Kg1 Qf2+ 0-1

[Event "Twente Young Master op-D"]
[Site "Twente"]
[Date "2007.08.07"]
[Round "2"]
[White "Vandersmissen, Hans"]
[Black "Turk, Casper"]
[Result "0-1"]
[WhiteElo "1234"]
[BlackElo "971"]
[PlyCount "48"]
[EventDate "2007.08.06"]
[EventType "swiss"]
[EventRounds "13"]
[EventCountry "NED"]
[SourceTitle "EXT 2008"]
[Source "ChessBase"]
[SourceDate "2007.11.25"]
[SourceVersion "1"]
[SourceVersionDate "2007.11.25"]
[SourceQuality "1"]

1. d4 d5 2. c4 e6 3. Nc3 Nc6 4. cxd5 exd5 5. Nf3 Nf6 6. Bg5 Bf5 7. a3 Bd6 8. e3 0-0 9. Nxd5 Be4 10. Nxf6+ gxf6 11. Bh6 Re8 12. Bd3 f5 13. 0-0 Qf6 14. Bf4 Bxf3 15. Qxf3 Qh4 16. Bxd6 cxd6 17. Qxf5 Kf8 18. Bc4 Qe7 19. Qxh7 Qf6 20. g4 Ke7 21. Kh1 Qf3+ 22. Kg1 Qxg4+ 23. Kh1 Qf3+ 24. Kg1 Rg8+ 0-1